Hurricane disaster / (Record no. 6157)

MARC details
000 -LEADER
fixed length control field 01259cam a22003137a 4500
001 - CONTROL NUMBER
control field 6157
003 - CONTROL NUMBER IDENTIFIER
control field FISKH
005 - DATE AND TIME OF LATEST TRANSACTION
control field 20250321080859.0
008 - FIXED-LENGTH DATA ELEMENTS--GENERAL INFORMATION
fixed length control field 120516s2011 nyuab j b 000 0 eng d
010 ## - LIBRARY OF CONGRESS CONTROL NUMBER
LC control number 2011275986
020 ## - INTERNATIONAL STANDARD BOOK NUMBER
International Standard Book Number 9780545345392
020 ## - INTERNATIONAL STANDARD BOOK NUMBER
International Standard Book Number 0545345391
035 ## - SYSTEM CONTROL NUMBER
System control number (OCoLC)ocn760084278
040 ## - CATALOGING SOURCE
Original cataloging agency IHI
Transcribing agency IHI
Modifying agency DLC
Language of cataloging eng
050 ## - LIBRARY OF CONGRESS CALL NUMBER
Classification number QC944 .J66
082 ## - DEWEY DECIMAL CLASSIFICATION NUMBER
Classification number 551.55
100 1# - MAIN ENTRY--PERSONAL NAME
Personal name Jones, Lynda.
245 10 - TITLE STATEMENT
Title Hurricane disaster /
Statement of responsibility, etc. Lynda Jones.
260 ## - PUBLICATION, DISTRIBUTION, ETC.
Place of publication, distribution, etc. New York :
Name of publisher, distributor, etc. Scholastic,
Date of publication, distribution, etc. 2011.
300 ## - PHYSICAL DESCRIPTION
Extent 32 pages :
Other physical details color illustrations, color maps ;
Dimensions 26 cm
500 ## - GENERAL NOTE
General note Alert! Alert! -- Sea monsters -- Air Force -- Storm factory -- Parts of a hurricane -- Blow, wind, blow -- Where's the storm? -- Hurricane hunters -- Underwater -- Historic hurricanes -- Rescue mission -- Tally up -- How to stop a hurricane -- Future forecast.
504 ## - BIBLIOGRAPHY, ETC. NOTE
Bibliography, etc. note Includes bibliographical references.
520 ## - SUMMARY, ETC.
Summary, etc. Answers such questions as: What is a hurricane? Where does it come from and how does it form? and How do you keep your family safe from a barreling storm?
650 #0 - SUBJECT ADDED ENTRY--TOPICAL TERM
Topical term or geographic name entry element Hurricanes
Form subdivision Juvenile literature.
650 #1 - SUBJECT ADDED ENTRY--TOPICAL TERM
Topical term or geographic name entry element Hurricanes.
906 ## - LOCAL DATA ELEMENT F, LDF (RLIN)
a 7
b cbc
c copycat
d 2
e ncip
f 20
g y-gencatlg
942 ## - ADDED ENTRY ELEMENTS (KOHA)
Source of classification or shelving scheme Dewey Decimal Classification
Koha item type Books
Suppress in OPAC No
Holdings
Withdrawn status Lost status Source of classification or shelving scheme Damaged status Not for loan Collection Home library Current library Shelving location Date acquired Total Checkouts Full call number Barcode Date last seen Copy number Price effective from Koha item type
    Dewey Decimal Classification     Non-Fiction Footprints International School Library Network Toul Kork Campus Footprints International School Library Network Toul Kork Campus A TK Campus, 4th Floor, Room B401, Non-Fiction Bookcases(7-8) 03/21/2025   JON 551.552 QC944 .J66 FISTK04981 03/21/2025 2 03/21/2025 Books
    Dewey Decimal Classification     Non-Fiction Footprints International School Library Network Toul Tom Poung Campus Footprints International School Library Network Toul Tom Poung Campus TTP Secondary Non-Fiction Bookshelves 03/21/2025   JON 551.552 QC944 .J66 FISSE01425 03/21/2025 1 03/21/2025 Books
    Dewey Decimal Classification     Non-Fiction Footprints International School Library Network Toul Tom Poung Campus Footprints International School Library Network Toul Tom Poung Campus TTP Secondary Non-Fiction Bookshelves 04/22/2025   JON 551.552 QC944 .J66 2025-1073 04/22/2025 3 04/22/2025 Books